00633nam a22001817a 450000500170000000800410001702000240005804000190008205000240010110000240012524500900014926000590023930000480029852100200034665000240036665000350039065000260042520260122103031.0210608b |||||||| |||| 00| 0 eng d a1874392794 Pbk. Bp. aMMSUcULSdULS aRM 302 H36 2007 CHS aHansten, Philip D.  aDrug interactions analysis and management 2007 /cPhilip D. Hansten and John R. Horn. aSt. Louis, Missouri :bWolter's Kluwer Health, c2007. axvi, 1588 pages :billustrations ;c23 cm.  aIncludes index. aDrug interactions.  aDrugs - Physiological effect.  aDrugs - Side effects.